Nuevo Espanol 2000 / New Spanish (Record no. 322)

000 -LEADER
fixed length control field 00859nam a22002417a 4500
003 - CONTROL NUMBER IDENTIFIER
control field OSt
005 - DATE AND TIME OF LATEST TRANSACTION
control field 20210419081633.0
008 - FIXED-LENGTH DATA ELEMENTS--GENERAL INFORMATION
fixed length control field 201120s2007 ||||| |||| 00| 0 spa d
020 ## - INTERNATIONAL STANDARD BOOK NUMBER
International Standard Book Number 9788497783019
040 ## - CATALOGING SOURCE
Original cataloging agency spa
Language of cataloging eng
Transcribing agency DLC
041 ## - LANGUAGE CODE
Language code of text/sound track or separate title spa
080 ## - UNIVERSAL DECIMAL CLASSIFICATION NUMBER
Universal Decimal Classification number 811.134.2
Item number L-85
100 ## - MAIN ENTRY--PERSONAL NAME
9 (RLIN) 204
Personal name Lobato, Sanchez Jesus
245 ## - TITLE STATEMENT
Title Nuevo Espanol 2000 / New Spanish
Remainder of title : Cuaderno de Ejercicios / Workbook , Nivel Elemental / elementary
Statement of responsibility, etc. / by: Sociedad General Espanola de Libreria / Sociedad General Spanish Library
250 ## - EDITION STATEMENT
Edition statement 5th edition
260 ## - PUBLICATION, DISTRIBUTION, ETC.
Place of publication, distribution, etc. Madrid
Name of publisher, distributor, etc. Sociedad General Espanola de Libreria / Sociedad General Spanish Library
Date of publication, distribution, etc. 2007
300 ## - PHYSICAL DESCRIPTION
Extent 67 p.
Other physical details ill
650 #0 - SUBJECT ADDED ENTRY--TOPICAL TERM
9 (RLIN) 202
Topical term or geographic name entry element Spanish Language
653 ## - INDEX TERM--UNCONTROLLED
Uncontrolled term ესპანური ენა
700 ## - ADDED ENTRY--PERSONAL NAME
9 (RLIN) 205
Personal name Fernandez, Garcia Nieves
700 ## - ADDED ENTRY--PERSONAL NAME
9 (RLIN) 206
Personal name Blanco, Gomis Pedro
942 ## - ADDED ENTRY ELEMENTS (KOHA)
Source of classification or shelving scheme
Koha item type Books
Holdings
Withdrawn status Lost status Source of classification or shelving scheme Damaged status Not for loan Permanent location Current location Date acquired Inventory number Total Checkouts Full call number Barcode Date last seen Price effective from Koha item type
          Ken Walker International University Ken Walker International University 11/20/2020 991   811.134.2 L-85 991 11/20/2020 11/20/2020 Books

Powered by Koha